Online
Catalog

Folklore de la República Dominicana / (Record no. 16420)

MARC details
000 -CABECERA
campo de control de longitud fija 03206nam a2200397 i 4500
001 - NÚMERO DE CONTROL
campo de control 000016888
003 - IDENTIFICADOR DEL NÚMERO DE CONTROL
campo de control DO-SdBNP
005 - FECHA Y HORA DE LA ÚLTIMA TRANSACCIÓN
campo de control 20250903095823.0
007 - CAMPO FIJO DE DESCRIPCIÓN FÍSICA--INFORMACIÓN GENERAL
campo de control de longitud fija ta
008 - DATOS DE LONGITUD FIJA--INFORMACIÓN GENERAL
campo de control de longitud fija 090821s1976 dr 000 0 spa d
040 ## - FUENTE DE LA CATALOGACIÓN
Centro catalogador/agencia de origen DO-SdBNP
Lengua de catalogación spa
Centro/agencia transcriptor BNPHU
Normas de descripción rda
041 ## - CÓDIGO DE LENGUA
Código de lengua original spa
082 #4 - NÚMERO DE LA CLASIFICACIÓN DECIMAL DEWEY
Número de clasificación 398.2097293
Número de documento/Ítem A553f,
Número de edición 22
100 1# - ENTRADA PRINCIPAL--NOMBRE DE PERSONA
Nombre de persona Andrade, Manuel José,
Fechas asociadas al nombre 1885-1941
Término indicativo de función/relación autor
Código de función/relación aut.
9 (RLIN) 16084
240 #0 - TÍTULO UNIFORME
Título uniforme Folk-lore from the Dominican Republic
Lenguaje de la obra Español
245 10 - MENCIÓN DE TÍTULO
Título Folklore de la República Dominicana /
Mención de responsabilidad, etc. Manuel José Andrade.
264 #1 - PRODUCCIÓN, PUBLICACIÓN, DISTRIBUCIÓN, FABRICACIÓN Y COPYRIGHT
Producción, publicación, distribución, fabricación y copyright Santo Domingo :
Nombre del de productor, editor, distribuidor, fabricante Editora de Santo Domingo,
Fecha de producción, publicación, distribución, fabricación o copyright 1976.
300 ## - DESCRIPCIÓN FÍSICA
Extensión 612 páginas ;
Dimensiones 23 cm.
336 ## - TIPO DE CONTENIDO
Término de tipo de contenido texto
Código de tipo de contenido txt
Fuente rdacontent
337 ## - TIPO DE MEDIO
Nombre/término del tipo de medio sin mediación
Código del tipo de medio n
Fuente rdamedia
338 ## - TIPO DE SOPORTE
Nombre/término del tipo de soporte volumen
Código del tipo de soporte nc
Fuente rdacarrier
490 ## - MENCIÓN DE SERIE
Mención de serie Universidad de Santo Domingo,
-- Lingüística y folklore
Designación de volumen o secuencia 54
500 ## - NOTA GENERAL
Nota general Incluye referencias bibliográficas y notas al pie de las páginas.
500 ## - NOTA GENERAL
Nota general Reimpresión de la edición de 1948. publicado por la Universidad de Santo Domingo, Ciudad Trujillo. Serie Publicaciones de la Universidad de Santo Domingo, v. 54
505 0# - NOTA DE CONTENIDO CON FORMATO
Nota de contenido con formato Presentación /
Mención de responsabilidad Daniel Toribio --
Título Exordio /
Mención de responsabilidad Mariano Mella --
Título Prólogo /
-- Rafael Julián --
-- Palabras preliminares --
-- Prefacio --
-- Introducción --
-- Los principales informantes --
-- Observaciones acerca del lenguaje --
-- Vocabulario --
-- Cuentos --
-- El ciclo de Juan Bobo --
-- Los hermanos Rivales --
-- El vuelo mágico --
-- La alfombra mágica y argumentos análogos --
-- El hombre con los dientes de oro --
-- El hermano y la hermana abandonados en el bosque matan a la bruja --
-- El gato bondadoso --
-- Buquí y lapén --
-- La serpiente de la siete cabezas --
-- Pan y un beso gana la lucha con el monstruo --
-- Los tres perros rompen la cadena y acuden en ayuda --
-- El hermano más joven captura el caballo de siete colores --
-- La promesa funesta: dar un hijo al diablo --
-- Escuchando al tres brujas --
-- Los ladrones hábiles --
-- El falso adivino --
-- La sustitución de objetos sin valor por objetos mágicos --
-- La cueva de los ladrones y las palabras mágicas --
-- La princesa encantada --
-- La sustracción traidora de perros por niños recien nacidos --
-- El niño de Brea --
-- La muchacha cuyo novio era un pez --
-- La cenicienta --
-- La muchacha más lista que el rey --
-- El mono curioso en dificultades --
-- Cuentos de hadas --
-- Cuentos de heroísmo con seres sobrenaturales o monstruos --
-- Cuentos de vindicación o protección mediante poderes sobrenaturales --
-- Cuentos morales: muerte, fantasmas y el diablo --
-- Historia referente a la divinidad cristiana --
-- Cuentos de animales --
-- Episodio novelescos --
-- Cuentos de dinero y picardías --
-- Cuento de ingenio y gracia --
-- Adivinanzas --
-- Proverbios y decíres --
-- Creencias y costumbres.
534 ## - NOTA SOBRE LA VERSIÓN ORIGINAL
Encabezamiento principal del original Facsimil de :
Mención de edición del original Folklore de la República Dominicana.
590 ## - NOTA LOCAL (RLIN)
Nota local Inventariado, 2018/VM
650 #4 - PUNTO DE ACCESO ADICIONAL DE MATERIA--TÉRMINO DE MATERIA
Término de materia o nombre geográfico como elemento de entrada Folclore
Subdivisión geográfica República Dominicana
9 (RLIN) 33448
650 #4 - PUNTO DE ACCESO ADICIONAL DE MATERIA--TÉRMINO DE MATERIA
Término de materia o nombre geográfico como elemento de entrada Folclor en la literatura
9 (RLIN) 4697
650 #4 - PUNTO DE ACCESO ADICIONAL DE MATERIA--TÉRMINO DE MATERIA
Término de materia o nombre geográfico como elemento de entrada Cultura popular en la literatura
9 (RLIN) 12596
650 #4 - PUNTO DE ACCESO ADICIONAL DE MATERIA--TÉRMINO DE MATERIA
Término de materia o nombre geográfico como elemento de entrada Literatura folclórica
9 (RLIN) 1529
650 #4 - PUNTO DE ACCESO ADICIONAL DE MATERIA--TÉRMINO DE MATERIA
Término de materia o nombre geográfico como elemento de entrada Culturas tradicionales
9 (RLIN) 10920
650 #4 - PUNTO DE ACCESO ADICIONAL DE MATERIA--TÉRMINO DE MATERIA
Término de materia o nombre geográfico como elemento de entrada Identidad colectiva
9 (RLIN) 1723
910 ## - DATOS DE OPCIÓN DEL USUARIO (OCLC)
Datos de opción del usuario Validado. Control de calidad MFF
942 ## - ELEMENTOS DE PUNTO DE ACCESO ADICIONAL (KOHA)
Fuente del sistema de clasificación o colocación Dewey Decimal Classification
Tipo de ítem Koha Libro
Holdings
Estado de retiro Estado de pérdida Fuente del sistema de clasificación o colocación Restricciones de uso No para préstamo Código de colección Localización permanente Ubicación/localización actual Ubicación en estantería Fecha de adquisición Fuente de adquisición Signatura topográfica completa Código de barras Fecha visto por última vez Precio válido a partir de Tipo de ítem Koha Nota pública Número de copia Total de préstamos
    Dewey Decimal Classification Excluido de préstamo   Patrimonio Dominicano Biblioteca Nacional Pedro Henríquez Ureña Biblioteca Nacional Pedro Henríquez Ureña Depósito 12.03.2010 Donación BNPHU PD 398.2097293 A553f 16888-10 25.06.2020 25.06.2020 Libro Perteneció a la biblioteca personal de Martínez Boog.    
    Dewey Decimal Classification Excluido de préstamo   Patrimonio Dominicano Biblioteca Nacional Pedro Henríquez Ureña Biblioteca Nacional Pedro Henríquez Ureña Depósito 11.06.2013   BNPHU PD 398.2097293 A553f 16888-20 25.06.2020 25.06.2020 Libro   e.2  
    Dewey Decimal Classification Préstamo en sala   Dominicana de Servicio Biblioteca Nacional Pedro Henríquez Ureña Biblioteca Nacional Pedro Henríquez Ureña Depósito 19.02.2015   BNPHU DS 398.2097293 A553f 16888-30 25.06.2020 25.06.2020 Libro   e.3  
    Dewey Decimal Classification Préstamo en sala   Dominicana de Servicio Biblioteca Nacional Pedro Henríquez Ureña Biblioteca Nacional Pedro Henríquez Ureña Depósito 22.08.2022   BNPHU DS 398.2097293 A553f, 2022-3725 22.08.2022 22.08.2022 Libro   e.4  
    Dewey Decimal Classification Préstamo en sala   Dominicana de Servicio Biblioteca Nacional Pedro Henríquez Ureña Biblioteca Nacional Pedro Henríquez Ureña Depósito 18.10.2017 Donado por Lourdes Delgado BNPHU DS 398.2097293 A553f, 2023-6877 11.10.2023 11.10.2023 Libro   e.5  

Powered by Koha